000 00936nam a2200277 i 4500
003 DO-SdBNP
005 20241003134037.0
006 a||||gr|||| 00| 0
007 ta
008 240430b200? dr ac||| |||| 00| 0 spa d
040 _aDO-SdBNP
_bspa
_cBNPHU
_erda
082 4 _222
_bV427a
245 1 0 _a21 artistas visuales de la Romana:
246 1 3 _aVeintiun artistas visuales de la Romana:
264 _aLa Romana, República Dominicana :
_bCentro Cultural Banreservas,
_bAyuntamiento de la Romana,
_c[200?]
300 _a27 páginas :
_bIlustraciones, retratos ;
_c28 cm.
336 _2rdacontent
_atexto
_btxt
337 _2rdamedia
_asin mediación
_bn
338 _2rdacarrier
_avolumen
_bnc
490 _aValores de las Provincias.
500 _aDedicada al Maestro Amable Sterling.
590 _aInventariado 2024 / MF
600 1 4 _aSterling, Amable
_985352
710 _aCentro Cultural BanReservas
_985170
942 _2ddc
_cLF2
999 _c56547
_d56547